<?xml version="1.0" encoding="UTF-8"?>
<record
    xmlns:xsi="http://www.w3.org/2001/XMLSchema-instance"
    xsi:schemaLocation="http://www.loc.gov/MARC21/slim http://www.loc.gov/standards/marcxml/schema/MARC21slim.xsd"
    xmlns="http://www.loc.gov/MARC21/slim">

  <leader>01927cam a22003138i 4500</leader>
  <controlfield tag="001">846489027</controlfield>
  <controlfield tag="003">AUA.1</controlfield>
  <controlfield tag="005">20260209104030.0</controlfield>
  <controlfield tag="008">130528s2013    miu      b    001 0 eng  </controlfield>
  <datafield tag="010" ind1=" " ind2=" ">
    <subfield code="a">2013013875</subfield>
  </datafield>
  <datafield tag="020" ind1=" " ind2=" ">
    <subfield code="a">9780801049019 (pbk.)</subfield>
  </datafield>
  <datafield tag="020" ind1=" " ind2=" ">
    <subfield code="a">0801049016 (pbk.)</subfield>
  </datafield>
  <datafield tag="035" ind1=" " ind2=" ">
    <subfield code="a">(OCoLC)846489027</subfield>
    <subfield code="z">(OCoLC)813287468</subfield>
  </datafield>
  <datafield tag="040" ind1=" " ind2=" ">
    <subfield code="a">DLC</subfield>
    <subfield code="b">eng</subfield>
    <subfield code="e">rda</subfield>
    <subfield code="c">DLC</subfield>
    <subfield code="d">OCLCO</subfield>
    <subfield code="d">KAT</subfield>
    <subfield code="d">YDXCP</subfield>
    <subfield code="d">PGC</subfield>
    <subfield code="d">BTA</subfield>
    <subfield code="d">BTCTA</subfield>
    <subfield code="d">BDX</subfield>
    <subfield code="d">ITU</subfield>
    <subfield code="d">EXN</subfield>
  </datafield>
  <datafield tag="042" ind1=" " ind2=" ">
    <subfield code="a">pcc</subfield>
  </datafield>
  <datafield tag="050" ind1="0" ind2="0">
    <subfield code="a">BV4447</subfield>
    <subfield code="b">.B675 2013</subfield>
  </datafield>
  <datafield tag="082" ind1="0" ind2="0">
    <subfield code="a">259/.23</subfield>
    <subfield code="2">23</subfield>
  </datafield>
  <datafield tag="100" ind1="1" ind2=" ">
    <subfield code="a">Borgman, Dean,</subfield>
    <subfield code="d">1928-</subfield>
    <subfield code="9">45053</subfield>
  </datafield>
  <datafield tag="240" ind1="1" ind2="0">
    <subfield code="a">When Kumbaya is not enough.</subfield>
  </datafield>
  <datafield tag="245" ind1="1" ind2="0">
    <subfield code="a">Foundations for youth ministry :</subfield>
    <subfield code="b">theological engagement with teen life and culture /</subfield>
    <subfield code="c">Dean Borgman.</subfield>
  </datafield>
  <datafield tag="250" ind1=" " ind2=" ">
    <subfield code="a">2nd Edition.</subfield>
  </datafield>
  <datafield tag="260" ind1=" " ind2=" ">
    <subfield code="a">Grand Rapids, Mich.;</subfield>
    <subfield code="b">Baker Academic,</subfield>
    <subfield code="c">c2013.</subfield>
  </datafield>
  <datafield tag="300" ind1=" " ind2=" ">
    <subfield code="a">xi, 302 pages ;</subfield>
    <subfield code="c">23 cm.</subfield>
  </datafield>
  <datafield tag="500" ind1=" " ind2=" ">
    <subfield code="a">Rev. ed. of: When Kumbaya is not enough : a practical theology for youth ministry. c1997.</subfield>
  </datafield>
  <datafield tag="504" ind1=" " ind2=" ">
    <subfield code="a">Includes bibliographical references and index.</subfield>
  </datafield>
  <datafield tag="505" ind1="0" ind2=" ">
    <subfield code="a">Pt. 1. Practical theological foundations.  Introducing a theology for youth ministry -- The art of interpretation -- The practice of interpretation -- Basic theology for youth ministers -- From general theology to practical theology for youth ministry -- Pt. 2. Theology of persons -- theology of growth and development -- Theology of personhood and community -- Theology of family and peers -- Theology of sexuality -- Pt. 3. Practical theology engaging culture -- Theologizing about culture and cultures -- Relating to Christ in culture -- Practical theology in a digital age -- Theology and ministry in a consumerist age -- Funny theology? -- Pt. 4. Practical theology for holistic youth ministry -- Where practical theology meets holistic ministry -- The high calling of ministry with youth.</subfield>
  </datafield>
  <datafield tag="650" ind1=" " ind2="0">
    <subfield code="a">Church work with youth.</subfield>
    <subfield code="9">45054</subfield>
  </datafield>
  <datafield tag="942" ind1=" " ind2=" ">
    <subfield code="2">lcc</subfield>
    <subfield code="c">BOOK</subfield>
    <subfield code="h">BV 4447</subfield>
    <subfield code="i">.B675 2013</subfield>
  </datafield>
  <datafield tag="999" ind1=" " ind2=" ">
    <subfield code="c">12730</subfield>
    <subfield code="d">12730</subfield>
  </datafield>
  <datafield tag="952" ind1=" " ind2=" ">
    <subfield code="0">0</subfield>
    <subfield code="1">0</subfield>
    <subfield code="2">lcc</subfield>
    <subfield code="4">0</subfield>
    <subfield code="7">0</subfield>
    <subfield code="8">Books</subfield>
    <subfield code="a">AUA.1</subfield>
    <subfield code="b">AUA.1</subfield>
    <subfield code="c">GS</subfield>
    <subfield code="d">2014-06-30</subfield>
    <subfield code="e">Donation, Theological Book Network</subfield>
    <subfield code="g">15.00</subfield>
    <subfield code="h">AUA015620</subfield>
    <subfield code="l">11</subfield>
    <subfield code="m">2</subfield>
    <subfield code="o">BV 4447 .B675 2013</subfield>
    <subfield code="p">AUA015620</subfield>
    <subfield code="r">2021-08-04 00:00:00</subfield>
    <subfield code="s">2021-07-07</subfield>
    <subfield code="v">15.00</subfield>
    <subfield code="w">2014-06-30</subfield>
    <subfield code="y">BOOK</subfield>
  </datafield>
</record>
